Statistics for Biggest Cities in the European Union by Letter - N

Click here to take the quiz!

General Stats

  • This quiz has been taken 135 times
  • The average score is 10 of 20

Answer Stats

Rank Population Country Hint City % Correct
1974,000ItalyPizzaNaples
100%
3344,000FranceCôte d'AzurNice
99%
4302,000United KingdomRobin HoodNottingham
97%
2510,000GermanyTrials against NazisNuremberg
95%
6280,000United KingdomTyne BridgeNewcastle-upon-Tyne
83%
5298,000FrancePays de la LoireNantes
82%
16104,000FrancePlace Stanislas or Reagan's wifeNancy
66%
8194,000United KingdomEast Anglia, Canaries Norwich
59%
11151,000FranceRoman history, "The French Rome"Nîmes
50%
13130,000United KingdomBig city in WalesNewport
43%
7226,000United KingdomAll Saints' ChurchNorthampton
42%
9174,000NetherlandsOldest city in the NetherlandsNijmegen
38%
12139,000Sweden"Sweden's Manchester"Norrköping
36%
15111,000BelgiumCapital of WalloniaNamur
29%
2087,000United KingdomWarwickshire, George EliotNuneaton
22%
1994,000FranceParis suburb, La DéfenseNanterre
21%
17104,000ItalyNorthern Piedmont, near SwitzerlandNovara
15%
14118,000HungaryNortheastern Hungary, famous zooNyíregyháza
12%
10155,000Germany"Germany's oldest city"Neuss
8%
18100,000SwedenPart of Stockholm urban areaNacka
4%

Score Distribution

Percentile by Number Answered

Percent of People with Each Score

Your Score History

You have not taken this quiz